[Event "38. Abierto Ciudad de Sevilla"]
[Site "Sevilla ESP"]
[Date "2013.01.14"]
[Round "4.14"]
[White "Roy Chowdhury, Saptarshi"]
[Black "Perez Garcia, Roberto"]
[Result "1-0"]
[WhiteElo "2451"]
[BlackElo "2163"]
[PlyCount "105"]
[EventDate "2013.01.11"]
[EventType "swiss"]
[EventRounds "9"]
[EventCountry "ESP"]
[Source "lmi"]
[SourceDate "2013.01.11"]

1. e4 c6 2. Ne2 d5 3. e5 c5 4. d4 Nc6 5. c3 e6 6. Be3 Nh6 7. Ng3 Be7 8. Bd3 Qb6
9. b3 cxd4 10. cxd4 Nb4 11. O-O Nxd3 12. Qxd3 Nf5 13. Nc3 Nxg3 14. hxg3 Bd7 15.
g4 h5 16. gxh5 Rxh5 17. Rac1 g6 18. g3 Kf8 19. Kg2 Kg7 20. Rh1 Rah8 21. Rxh5
Rxh5 22. Qd2 Qd8 23. Rh1 Rxh1 24. Kxh1 Bb4 25. Bg5 Qa5 26. Bf6+ Kf8 27. Qh6+
Ke8 28. Qh8+ Bf8 29. Bg7 Qb4 30. Kg2 Bc6 31. a4 a6 32. Nd1 f5 33. Qg8 Bd7 34.
Bxf8 Qxf8 35. Qxg6+ Kd8 36. Qg5+ Kc7 37. Qd2 Bc6 38. Nb2 Qa3 39. Nd3 b6 40. Qb4
Qxb4 41. Nxb4 Bb7 42. Kh3 a5 43. Nd3 Ba6 44. Nf4 Kd7 45. f3 Ke7 46. g4 fxg4+
47. fxg4 b5 48. axb5 Bxb5 49. Kh4 a4 50. bxa4 Bxa4 51. g5 Bc2 52. g6 Kf8 53.
Nxe6+ 1-0

[Event "38. Abierto Ciudad de Sevilla"]
[Site "Sevilla ESP"]
[Date "2013.01.14"]
[Round "4.16"]
[White "Fernandez Rodriguez, Jose A"]
[Black "Teran Alvarez, Ismael"]
[Result "1/2-1/2"]
[WhiteElo "2164"]
[BlackElo "2399"]
[PlyCount "37"]
[EventDate "2013.01.11"]
[EventType "swiss"]
[EventRounds "9"]
[EventCountry "ESP"]
[Source "lmi"]
[SourceDate "2013.01.11"]

1. e4 e5 2. f4 exf4 3. Bc4 Nf6 4. Nc3 c6 5. Nf3 Nxe4 6. Nxe4 d5 7. Qe2 Be7 8.
d4 dxc4 9. Bxf4 O-O 10. Qxc4 Nd7 11. O-O Nb6 12. Qe2 Bg4 13. Rad1 Qd5 14. Nc3
Qe6 15. Qf2 Bf6 16. Rde1 Qf5 17. Ne5 Bh5 18. Qg3 Bg6 19. Ne4 1/2-1/2

[Event "38. Abierto Ciudad de Sevilla"]
[Site "Sevilla ESP"]
[Date "2013.01.14"]
[Round "4.18"]
[White "Espejo Hava, Francisco"]
[Black "Serrano Salvador, Eduardo"]
[Result "1/2-1/2"]
[WhiteElo "2037"]
[BlackElo "2349"]
[PlyCount "113"]
[EventDate "2013.01.11"]
[EventType "swiss"]
[EventRounds "9"]
[EventCountry "ESP"]
[Source "lmi"]
[SourceDate "2013.01.11"]

1. e4 d6 2. d4 Nf6 3. Nc3 e5 4. dxe5 dxe5 5. Qxd8+ Kxd8 6. Bg5 Be6 7. O-O-O+
Nbd7 8. Kb1 Bd6 9. Bd3 h6 10. Bh4 g5 11. Bg3 Ke7 12. f3 c6 13. Nge2 Nc5 14. Bf2
Nh5 15. g4 Nf4 16. h4 b5 17. Ng3 b4 18. Nce2 b3 19. axb3 Ncxd3 20. cxd3 Nxe2
21. Nxe2 Rhb8 22. hxg5 hxg5 23. Nc1 Bxb3 24. Nxb3 Rxb3 25. Be3 f6 26. Rh7+ Ke6
27. Rxa7 Rxa7 28. Bxa7 c5 29. Kc2 Rb5 30. Ra1 Kd7 31. Ra4 Kc6 32. b4 cxb4 33.
Kb3 Rb7 34. Ra6+ Kd7 35. Be3 Rb8 36. Ra7+ Ke6 37. Ra6 Rc8 38. Bd2 Rb8 39. Be3
Kd7 40. Ra7+ Ke8 41. Ra6 Be7 42. Bd2 Rb7 43. Rc6 Rd7 44. Rc8+ Kf7 45. Bxb4 Bxb4
46. Kxb4 Rxd3 47. Rc3 Rd4+ 48. Rc4 Ke6 49. Kc3 Rd1 50. Rc6+ Ke7 51. Kc2 Rf1 52.
Rc3 Rf2+ 53. Kb3 Kd6 54. Kc4 Rf1 55. Rd3+ Kc6 56. Ra3 Rc1+ 57. Kb4 1/2-1/2

[Event "38. Abierto Ciudad de Sevilla"]
[Site "Sevilla ESP"]
[Date "2013.01.14"]
[Round "4.19"]
[White "Campora, Daniel H"]
[Black "Ferrer Freyre, David"]
[Result "1-0"]
[WhiteElo "2490"]
[BlackElo "2043"]
[PlyCount "79"]
[EventDate "2013.01.11"]
[EventType "swiss"]
[EventRounds "9"]
[EventCountry "ESP"]
[Source "lmi"]
[SourceDate "2013.01.11"]

1. e4 e5 2. Nf3 Nc6 3. Bb5 a6 4. Ba4 b5 5. Bb3 Nf6 6. O-O Be7 7. Re1 d6 8. c3
O-O 9. h3 Na5 10. Bc2 c5 11. d4 cxd4 12. cxd4 Nc6 13. Nc3 h6 14. Be3 Re8 15. d5
Nb8 16. b4 Nbd7 17. a4 Rb8 18. axb5 axb5 19. Bd3 Rf8 20. Nd2 Nh7 21. Nxb5 Nb6
22. Na7 Bb7 23. b5 Nc8 24. Nc6 Bxc6 25. dxc6 Ng5 26. Nb1 Ne6 27. Nc3 Bg5 28.
Nd5 Bxe3 29. Rxe3 Nb6 30. Nxb6 Rxb6 31. Re1 Nd4 32. Qa4 Ne6 33. Qa7 Nc5 34. Bf1
Ne6 35. Rec1 Qc7 36. Qxc7 Nxc7 37. Ra7 Nxb5 38. Rb7 Rxb7 39. cxb7 Na7 40. Rc7
1-0

[Event "38. Abierto Ciudad de Sevilla"]
[Site "Sevilla ESP"]
[Date "2013.01.15"]
[Round "5.4"]
[White "Matamoros Franco, Carlos S"]
[Black "Das, Arghyadip"]
[Result "1/2-1/2"]
[WhiteElo "2538"]
[BlackElo "2466"]
[PlyCount "45"]
[EventDate "2013.01.11"]
[EventType "swiss"]
[EventRounds "9"]
[EventCountry "ESP"]
[Source "lmi"]
[SourceDate "2013.01.11"]

1. c4 e6 2. g3 d5 3. Bg2 c6 4. Nf3 dxc4 5. O-O Nf6 6. a4 a5 7. Na3 Be7 8. Nxc4
Na6 9. d3 O-O 10. Bd2 Nb4 11. Qb3 Bd7 12. Nfe5 Be8 13. Rfd1 Nfd5 14. e4 Nc7 15.
Nb6 Ra6 16. Be3 f6 17. Nec4 Bf7 18. d4 Ncd5 19. Nxd5 exd5 20. exd5 Bxd5 21.
Bxd5+ Qxd5 22. Bd2 Rd8 23. Bxb4 1/2-1/2

[Event "38. Abierto Ciudad de Sevilla"]
[Site "Sevilla ESP"]
[Date "2013.01.15"]
[Round "5.7"]
[White "Herraiz Hidalgo, Herminio"]
[Black "Rzayev, Bahruz"]
[Result "1/2-1/2"]
[WhiteElo "2488"]
[BlackElo "2370"]
[PlyCount "29"]
[EventDate "2013.01.11"]
[EventType "swiss"]
[EventRounds "9"]
[EventCountry "ESP"]
[Source "lmi"]
[SourceDate "2013.01.11"]

1. d4 d5 2. Nf3 Nc6 3. g3 Bg4 4. Bg2 Nf6 5. Ne5 Bf5 6. c4 e6 7. Qa4 Bxb1 8.
Nxc6 Qd7 9. Rxb1 Qxc6 10. Qxc6+ bxc6 11. O-O Kd7 12. Bd2 a5 13. f3 Bb4 14. Bg5
h6 15. Bxf6 1/2-1/2

[Event "38. Abierto Ciudad de Sevilla"]
[Site "Sevilla ESP"]
[Date "2013.01.15"]
[Round "5.8"]
[White "Fernandez Romero, Ernesto"]
[Black "Ducarmon, Quinten"]
[Result "1/2-1/2"]
[WhiteElo "2480"]
[BlackElo "2405"]
[PlyCount "96"]
[EventDate "2013.01.11"]
[EventType "swiss"]
[EventRounds "9"]
[EventCountry "ESP"]
[Source "lmi"]
[SourceDate "2013.01.11"]

1. e4 c6 2. d4 d5 3. Nc3 dxe4 4. Nxe4 Bf5 5. Ng3 Bg6 6. h4 h6 7. Nf3 Nd7 8. h5
Bh7 9. Bd3 Bxd3 10. Qxd3 e6 11. Bf4 Qa5+ 12. Bd2 Bb4 13. c3 Be7 14. c4 Qc7 15.
O-O-O Ngf6 16. Rhe1 O-O 17. Kb1 a5 18. Ne5 Bb4 19. f4 Rad8 20. Bxb4 axb4 21.
Qb3 Qa5 22. f5 Rfe8 23. Nxd7 Rxd7 24. fxe6 fxe6 25. c5 Rd5 26. Ne4 Nxe4 27.
Rxe4 Kh8 28. Rde1 e5 29. dxe5 Qxc5 30. e6 Re7 31. g4 Qd6 32. Rf1 Rxe6 33. Rxe6
Qxe6 34. Qxb4 Qe2 35. Rc1 Rb5 36. Qd4 Rg5 37. Rg1 Rd5 38. Qa4 Rb5 39. Qc2 Qxc2+
40. Kxc2 Rg5 41. Kd3 g6 42. hxg6 Kg7 43. a4 Kxg6 44. b4 Kf6 45. Rf1+ Ke6 46.
Rf4 h5 47. gxh5 Rxh5 48. Kc4 b5+ 1/2-1/2

[Event "38. Abierto Ciudad de Sevilla"]
[Site "Sevilla ESP"]
[Date "2013.01.15"]
[Round "5.9"]
[White "Sanchez Castillo, Sarai"]
[Black "Campora, Daniel H"]
[Result "0-1"]
[WhiteElo "2212"]
[BlackElo "2490"]
[PlyCount "68"]
[EventDate "2013.01.11"]
[EventType "swiss"]
[EventRounds "9"]
[EventCountry "ESP"]
[Source "lmi"]
[SourceDate "2013.01.11"]

1. e4 e5 2. d4 exd4 3. Qxd4 Nc6 4. Qe3 d6 5. Nc3 Nf6 6. Bd2 Be7 7. O-O-O O-O 8.
Qg3 Nh5 9. Qe3 Re8 10. h3 Bf8 11. g4 Nf6 12. Qf3 Be6 13. g5 Nd7 14. Qg2 Nb6 15.
f4 a5 16. f5 Bc4 17. h4 Bxf1 18. Rxf1 d5 19. exd5 Nb4 20. h5 N6xd5 21. Nge2 Bc5
22. g6 Be3 23. gxh7+ Kxh7 24. Rd1 Nxc3 25. Nxc3 Qf6 26. Bxe3 Rxe3 27. Nd5 Nxd5
28. Rxd5 Rae8 29. h6 gxh6 30. c3 Re2 31. Qg3 Rg8 32. Qxc7 Rgg2 33. Qxb7 Qg5+
34. Kb1 Rxb2+ 0-1

[Event "38. Abierto Ciudad de Sevilla"]
[Site "Sevilla ESP"]
[Date "2013.01.15"]
[Round "5.10"]
[White "Van Hoolandt, Patrick"]
[Black "Lalic, Bogdan"]
[Result "1/2-1/2"]
[WhiteElo "2203"]
[BlackElo "2484"]
[PlyCount "58"]
[EventDate "2013.01.11"]
[EventType "swiss"]
[EventRounds "9"]
[EventCountry "ESP"]
[Source "lmi"]
[SourceDate "2013.01.11"]

1. d4 Nf6 2. c4 g6 3. Nc3 d5 4. cxd5 Nxd5 5. Bd2 Bg7 6. e4 Nxc3 7. Bxc3 O-O 8.
Rc1 c5 9. dxc5 Qxd1+ 10. Kxd1 Bh6 11. Bd2 Rd8 12. Rc2 Nc6 13. Kc1 Bg4 14. Ne2
Bg7 15. Bc3 e5 16. b3 Bf8 17. f3 Be6 18. Ng3 Bxc5 19. Bc4 Bxc4 20. bxc4 Rd3 21.
Ne2 Ba3+ 22. Kb1 Rad8 23. Bb2 Bc5 24. Nc3 Nd4 25. Nd5 Nxc2 26. Kxc2 Rd4 27.
Bxd4 Bxd4 28. Rb1 b6 29. Kb3 Kg7 1/2-1/2

[Event "38. Abierto Ciudad de Sevilla"]
[Site "Sevilla ESP"]
[Date "2013.01.15"]
[Round "5.11"]
[White "Valenti, Giuseppe"]
[Black "Gonzalez Perez, Arian"]
[Result "0-1"]
[WhiteElo "2201"]
[BlackElo "2473"]
[PlyCount "78"]
[EventDate "2013.01.11"]
[EventType "swiss"]
[EventRounds "9"]
[EventCountry "ESP"]
[Source "lmi"]
[SourceDate "2013.01.11"]

1. e4 c5 2. Nf3 Nc6 3. d4 cxd4 4. Nxd4 g6 5. Nc3 Bg7 6. Be3 Nf6 7. Bc4 O-O 8.
Bb3 d6 9. f3 Bd7 10. Qd2 Rc8 11. h4 h5 12. O-O-O Ne5 13. Bg5 Rc5 14. Kb1 Re8
15. g4 hxg4 16. h5 Nxh5 17. Rxh5 gxh5 18. Qh2 Qa5 19. Qxh5 Ng6 20. Nd5 e6 21.
Nf5 Rxd5 22. Bxd5 exf5 23. Rh1 Be6 24. Qh7+ Kf8 25. Bh6 Bxh6 26. Qxh6+ Ke7 27.
Bxe6 Kxe6 28. exf5+ Qxf5 29. fxg4 Qf2 30. Qh3 Kd7 31. g5+ Kc7 32. Qc3+ Kb8 33.
a3 Qe3 34. Qf6 Qe6 35. Qf2 Qd5 36. Rf1 a6 37. Qf6 Ne5 38. Qf5 Rh8 39. Qf6 Rh1
0-1

[Event "38. Abierto Ciudad de Sevilla"]
[Site "Sevilla ESP"]
[Date "2013.01.15"]
[Round "5.12"]
[White "Mellado Trivino, Juan"]
[Black "Lasinskas, Povilas"]
[Result "0-1"]
[WhiteElo "2436"]
[BlackElo "2183"]
[PlyCount "82"]
[EventDate "2013.01.11"]
[EventType "swiss"]
[EventRounds "9"]
[EventCountry "ESP"]
[Source "lmi"]
[SourceDate "2013.01.11"]

1. e4 e5 2. Nf3 Nc6 3. d4 exd4 4. Nxd4 Bc5 5. Be3 Qf6 6. Nb5 Bxe3 7. fxe3 Qh4+
8. g3 Qd8 9. Qg4 Kf8 10. Qf4 d6 11. N1c3 a6 12. Nd4 Ne5 13. O-O-O Nf6 14. h3
Qe7 15. Bg2 Bd7 16. g4 h6 17. Rhf1 Rb8 18. Rf2 b5 19. Rdf1 b4 20. Nd5 Nxd5 21.
exd5 Bb5 22. Rd1 Ng6 23. Qe4 Ne5 24. Bf1 Bd7 25. Bxa6 Ra8 26. Bb5 Rxa2 27. Nf5
Bxf5 28. Qxf5 g6 29. Qf4 Kg7 30. Bf1 Rb8 31. Rd4 b3 32. cxb3 Rxb3 33. Kb1 Ra7
34. Rb4 Rxb4 35. Qxb4 Qd8 36. Kc2 Qa8 37. Qd4 Ra4 38. Qc3 Qxd5 39. Rd2 Qe4+ 40.
Kb3 Ra1 41. Bb5 Qb7 0-1

[Event "38. Abierto Ciudad de Sevilla"]
[Site "Sevilla ESP"]
[Date "2013.01.15"]
[Round "5.13"]
[White "Medina Carrasco, Santiago"]
[Black "Barua, Dibyendu"]
[Result "0-1"]
[WhiteElo "2166"]
[BlackElo "2413"]
[PlyCount "78"]
[EventDate "2013.01.11"]
[EventType "swiss"]
[EventRounds "9"]
[EventCountry "ESP"]
[Source "lmi"]
[SourceDate "2013.01.11"]

1. d4 Nf6 2. Nf3 b6 3. g3 Bb7 4. Bg2 c5 5. O-O cxd4 6. Nxd4 Bxg2 7. Kxg2 g6 8.
c4 Bg7 9. b3 d5 10. Bb2 dxc4 11. bxc4 O-O 12. Na3 Qc8 13. e3 Nbd7 14. Qe2 Qb7+
15. Qf3 Ne4 16. Kg1 Ne5 17. Qg2 Rac8 18. Rfc1 Nd3 19. Rc2 Rfd8 20. Bc3 Rd7 21.
Ndb5 Nxc3 22. Qxb7 Rxb7 23. Nxc3 Nb4 24. Rcc1 a5 25. Kf1 Rd7 26. Ke2 Nd3 27.
Rc2 Nb4 28. Rcc1 Rd3 29. Nd5 Rd8 30. Nb5 Bxa1 31. Rxa1 e6 32. Nxb6 Rd2+ 33. Kf3
Nd3 34. a4 Rxf2+ 35. Kg4 Ne5+ 36. Kh3 Rdd2 37. Rh1 h5 38. Nd4 g5 39. g4 hxg4+
0-1

[Event "38. Abierto Ciudad de Sevilla"]
[Site "Sevilla ESP"]
[Date "2013.01.15"]
[Round "5.15"]
[White "Teran Alvarez, Ismael"]
[Black "Mcmahon, Daire"]
[Result "1/2-1/2"]
[WhiteElo "2399"]
[BlackElo "2147"]
[PlyCount "97"]
[EventDate "2013.01.11"]
[EventType "swiss"]
[EventRounds "9"]
[EventCountry "ESP"]
[Source "lmi"]
[SourceDate "2013.01.11"]

1. e4 e5 2. Nf3 Nc6 3. Bb5 Nf6 4. d3 Bc5 5. c3 d6 6. O-O O-O 7. Bg5 Bb6 8. Nbd2
Bd7 9. Nc4 h6 10. Bh4 Ne7 11. Bxd7 Nxd7 12. d4 f6 13. a4 a5 14. b4 Kh7 15. Qb3
axb4 16. Nxb6 Nxb6 17. a5 Nd7 18. cxb4 Ng6 19. Rfd1 Qe7 20. dxe5 Ndxe5 21. Bg3
Nxf3+ 22. Qxf3 Rfe8 23. Rd4 Ne5 24. Qc3 c5 25. bxc5 dxc5 26. Rd5 Rac8 27. Rad1
Nc6 28. f3 Nd4 29. Qc4 Rc6 30. Bf2 b5 31. axb6 Rxb6 32. Rxc5 Ne6 33. Rcd5 Rb2
34. Bg3 Qb4 35. Qd3 Qb3 36. Qxb3 Rxb3 37. Rd7 Nc5 38. R7d5 Ne6 39. h4 Kg8 40.
Rd7 Nc5 41. Rc7 Rd3 42. Ra1 Ne6 43. Rb7 Nc5 44. Rc7 Ne6 45. Rb7 Red8 46. Rb2
R8d7 47. Ra6 Nc5 48. Rc6 Nb3 49. Rc8+ 1/2-1/2

[Event "38. Abierto Ciudad de Sevilla"]
[Site "Sevilla ESP"]
[Date "2013.01.15"]
[Round "5.16"]
[White "Fernandez Rodriguez, Jose A"]
[Black "Komljenovic, Davorin"]
[Result "0-1"]
[WhiteElo "2164"]
[BlackElo "2393"]
[PlyCount "96"]
[EventDate "2013.01.11"]
[EventType "swiss"]
[EventRounds "9"]
[EventCountry "ESP"]
[Source "lmi"]
[SourceDate "2013.01.11"]

1. e4 c5 2. d4 cxd4 3. c3 dxc3 4. Nxc3 e6 5. Nf3 a6 6. Bc4 b5 7. Bb3 Bb7 8. O-O
d6 9. Re1 Nd7 10. Nd4 Nc5 11. Bc2 Nf6 12. b4 Ncd7 13. Bb3 Rc8 14. Bb2 Nb6 15.
a4 bxa4 16. Nxa4 Nc4 17. Qd3 d5 18. e5 Nd7 19. b5 axb5 20. Nxb5 Nxb2 21. Nxb2
Nc5 22. Qg3 Qb6 23. Nd4 Nxb3 24. Nxb3 g6 25. Rab1 Bb4 26. Red1 Rc3 27. Na4 Rxg3
28. Nxb6 Rc3 29. Nd4 Be7 30. Na4 Rc7 31. Nb5 Rc4 32. Nd4 Rxa4 33. Rxb7 Bd8 34.
g3 O-O 35. h4 Rc4 36. Rd3 Bc7 37. Nf3 Rb8 38. Rdb3 Rxb7 39. Rxb7 h6 40. Kg2 Ba5
41. h5 g5 42. Nh2 g4 43. f4 gxf3+ 44. Kxf3 Kg7 45. g4 Bd2 46. g5 Bxg5 47. Ng4
Rc1 48. Rd7 Rh1 0-1

[Event "38. Abierto Ciudad de Sevilla"]
[Site "Sevilla ESP"]
[Date "2013.01.15"]
[Round "5.17"]
[White "Barrero Garcia, Carlos"]
[Black "Ortega Valle, Jose Ramon"]
[Result "1-0"]
[WhiteElo "2350"]
[BlackElo "2088"]
[PlyCount "48"]
[EventDate "2013.01.11"]
[EventType "swiss"]
[EventRounds "9"]
[EventCountry "ESP"]
[Source "lmi"]
[SourceDate "2013.01.11"]

1. d4 Nf6 2. c4 g6 3. Nc3 Bg7 4. Nf3 O-O 5. Bg5 d6 6. e3 c6 7. Be2 Bg4 8. O-O
Nbd7 9. b4 h6 10. Bh4 g5 11. Bg3 Nh5 12. Nd2 Nxg3 13. hxg3 Bxe2 14. Qxe2 a5 15.
b5 e5 16. bxc6 bxc6 17. d5 e4 18. Rac1 Bxc3 19. Rxc3 Nc5 20. dxc6 Rb8 21. Nb3
Qf6 22. Nd4 Qe5 23. Qh5 Kg7 24. g4 Rb2 1-0

[Event "38. Abierto Ciudad de Sevilla"]
[Site "Sevilla ESP"]
[Date "2013.01.15"]
[Round "5.18"]
[White "Gomez Rebollo, Alfonso Carlos"]
[Black "Alvarez Fernandez, Enrique"]
[Result "0-1"]
[WhiteElo "2162"]
[BlackElo "2350"]
[PlyCount "83"]
[EventDate "2013.01.11"]
[EventType "swiss"]
[EventRounds "9"]
[EventCountry "ESP"]
[Source "lmi"]
[SourceDate "2013.01.11"]

1. e4 c5 2. Nf3 d6 3. d4 cxd4 4. Nxd4 Nf6 5. Nc3 a6 6. Bc4 e6 7. Bb3 Nbd7 8.
O-O Nc5 9. f4 Be7 10. Qf3 O-O 11. Be3 Qc7 12. f5 e5 13. Nde2 Nxb3 14. cxb3 b5
15. b4 Bb7 16. Rac1 Qd8 17. Rfd1 Rc8 18. b3 h6 19. Ng3 Kh7 20. h3 Re8 21. Kh2
Qd7 22. a3 Rf8 23. Kh1 Rc7 24. Nh5 Nxh5 25. Qxh5 Rxc3 26. Rxc3 Bxe4 27. Rf1 Qb7
28. Rf2 Bf6 29. Qd1 d5 30. Qc1 d4 31. Rc7 Qd5 32. Bd2 Qxb3 33. Kg1 Bh4 34. Re2
Qd3 35. Rxe4 Qxe4 36. Qf1 Bd8 37. Rc8 Qd5 38. Rc2 Bf6 39. g4 Qe4 40. Qc1 Qf3
41. Kh2 e4 42. g5 0-1

[Event "38. Abierto Ciudad de Sevilla"]
[Site "Sevilla ESP"]
[Date "2013.01.15"]
[Round "5.19"]
[White "Serrano Salvador, Eduardo"]
[Black "Santos Ruiz, Miguel"]
[Result "1/2-1/2"]
[WhiteElo "2349"]
[BlackElo "2078"]
[PlyCount "94"]
[EventDate "2013.01.11"]
[EventType "swiss"]
[EventRounds "9"]
[EventCountry "ESP"]
[Source "lmi"]
[SourceDate "2013.01.11"]

1. b3 e5 2. Bb2 Nc6 3. e3 Nf6 4. Bb5 Bd6 5. Bxc6 dxc6 6. d3 O-O 7. Nf3 e4 8.
dxe4 Nxe4 9. Qd4 Nf6 10. Nbd2 Qe7 11. Qh4 Nd5 12. Qxe7 Bxe7 13. O-O-O Bf6 14.
Ne4 Bxb2+ 15. Kxb2 Re8 16. Nc3 Nxc3 17. Kxc3 Bg4 18. Rd4 Bxf3 19. gxf3 Rad8 20.
Rhd1 Rxd4 21. Rxd4 Kf8 22. Rd7 Re7 23. Rd8+ Re8 24. Rxe8+ Kxe8 25. e4 Ke7 26.
f4 g6 27. Kd4 Ke6 28. Ke3 h6 29. Kf3 Ke7 30. Kg4 Kf6 31. c4 c5 32. a4 b6 33.
Kh4 Ke6 34. Kg3 Ke7 35. Kg4 Kf6 36. h3 c6 37. f3 a6 38. Kg3 Kg7 39. f5 gxf5 40.
e5 a5 41. Kf4 Kg6 42. h4 h5 43. e6 fxe6 44. Ke5 Kf7 45. Kd6 Kf6 46. f4 Kf7 47.
Kd7 Kf6 1/2-1/2

[Event "38. Abierto Ciudad de Sevilla"]
[Site "Sevilla ESP"]
[Date "2013.01.15"]
[Round "5.20"]
[White "Ruiz Gutierrez, Manuel"]
[Black "Gutierrez Jimenez, Juan Manuel"]
[Result "0-1"]
[WhiteElo "2158"]
[BlackElo "2296"]
[PlyCount "56"]
[EventDate "2013.01.11"]
[EventType "swiss"]
[EventRounds "9"]
[EventCountry "ESP"]
[Source "lmi"]
[SourceDate "2013.01.11"]

1. d4 d6 2. Nf3 Nf6 3. c4 g6 4. Nc3 Bg7 5. g3 O-O 6. Bg2 c6 7. O-O Qa5 8. Bg5
h6 9. Bd2 Qh5 10. Rc1 e5 11. dxe5 dxe5 12. Qc2 Na6 13. Ne4 Bf5 14. Nh4 Bg4 15.
Bf3 Bxf3 16. exf3 Rad8 17. Be3 Nh7 18. Qe2 f5 19. Nd2 Rfe8 20. Ng2 Ng5 21. h4
Rxd2 22. Bxd2 Nxf3+ 23. Kh1 Qg4 24. Nf4 exf4 25. Qxe8+ Kh7 26. Kg2 Nxh4+ 27.
Kh2 Nf3+ 28. Kg2 Nxd2 0-1

[Event "38. Abierto Ciudad de Sevilla"]
[Site "Sevilla ESP"]
[Date "2013.01.19"]
[Round "5.28"]
[White "Blanco Acevedo, Cristobal"]
[Black "Herrera Ramirez, Daniel"]
[Result "1-0"]
[WhiteElo "2347"]
[BlackElo "1969"]
[PlyCount "45"]
[EventDate "2013.01.11"]
[EventType "swiss"]
[EventRounds "9"]
[EventCountry "ESP"]
[Source "lmi"]
[SourceDate "2013.01.11"]

1. e4 c5 2. Nf3 a6 3. c4 b6 4. d4 cxd4 5. Nxd4 Bb7 6. Nc3 e6 7. a3 Qc7 8. Be3
Nf6 9. f3 d6 10. Bd3 Nbd7 11. O-O Be7 12. Rc1 Rc8 13. b4 Qb8 14. f4 Bd8 15. g4
Bc7 16. g5 Ng8 17. f5 e5 18. Ne6 fxe6 19. fxe6 Ndf6 20. gxf6 Nxf6 21. Rxf6 gxf6
22. Qh5+ Kd8 23. Qf7 1-0

[Event "38. Abierto Ciudad de Sevilla"]
[Site "Sevilla ESP"]
[Date "2013.01.15"]
[Round "5.82"]
[White "Alonso Arrizabalaga, Javier"]
[Black "Gutierrez Marin, Vicente"]
[Result "1-0"]
[WhiteElo "1550"]
[BlackElo "1775"]
[PlyCount "39"]
[EventDate "2013.01.11"]
[EventType "swiss"]
[EventRounds "9"]
[EventCountry "ESP"]
[Source "lmi"]
[SourceDate "2013.01.11"]

1. d4 Nf6 2. Nf3 d6 3. c4 Nbd7 4. Nc3 e5 5. dxe5 dxe5 6. Bg5 Be7 7. e3 O-O 8.
Qc2 Re8 9. Rd1 Bd6 10. Nd5 b6 11. Bd3 h6 12. Bh4 g5 13. Nxg5 hxg5 14. Bxg5 Bb7
15. Be4 Bxd5 16. Bxd5 Bb4+ 17. Ke2 Rb8 18. Qg6+ Kh8 19. Bxf7 Bf8 20. Bxf6+ 1-0

[Event "38. Abierto Ciudad de Sevilla"]
[Site "Sevilla ESP"]
[Date "2013.01.16"]
[Round "6.1"]
[White "Bruno, Fabio"]
[Black "Haslinger, Stewart G"]
[Result "0-1"]
[WhiteElo "2434"]
[BlackElo "2535"]
[PlyCount "114"]
[EventDate "2013.01.11"]
[EventType "swiss"]
[EventRounds "9"]
[EventCountry "ESP"]
[Source "lmi"]
[SourceDate "2013.01.11"]

1. d4 d5 2. Nf3 Nf6 3. c4 e6 4. Nc3 Be7 5. cxd5 exd5 6. Bg5 c6 7. Qc2 g6 8. e3
Bf5 9. Bd3 Bxd3 10. Qxd3 Nbd7 11. O-O O-O 12. h3 Re8 13. Bf4 a5 14. Qc2 Nb6 15.
b3 Bd6 16. Bg5 Be7 17. Bxf6 Bxf6 18. Rad1 Be7 19. Ne1 Bd6 20. Nd3 Qe7 21. a4
Nd7 22. Rb1 f5 23. Rbe1 Nf6 24. f4 Bb4 25. Nxb4 Qxb4 26. Na2 Qe7 27. Nc1 Ra6
28. Nd3 Ne4 29. Rb1 Rb6 30. Rfe1 Kg7 31. Nf2 Nxf2 32. Kxf2 h5 33. Kg1 Qb4 34.
Kf2 Re4 35. g4 fxg4 36. hxg4 Qe7 37. gxh5 Qh4+ 38. Ke2 Qxh5+ 39. Kd2 Rb4 40.
Re2 Rbxd4+ 41. Kc1 Qf3 42. Kb2 Rxe3 43. Rbe1 Rde4 44. Rxe3 Rxe3 45. Rxe3 Qxe3
46. Qh2 d4 47. f5 gxf5 48. Qc7+ Kg6 49. Qxb7 Qc3+ 50. Ka2 d3 51. Qd7 d2 52.
Qd6+ Kg5 53. Qe7+ Kg4 54. Qe2+ Kg3 55. Qh5 Qc2+ 56. Ka3 Qc1+ 57. Ka2 d1=Q 0-1

[Event "38. Abierto Ciudad de Sevilla"]
[Site "Sevilla ESP"]
[Date "2013.01.16"]
[Round "6.3"]
[White "Ibarra Jerez, Jose Carlos"]
[Black "Estremera Panos, Sergio"]
[Result "1/2-1/2"]
[WhiteElo "2538"]
[BlackElo "2367"]
[PlyCount "39"]
[EventDate "2013.01.11"]
[EventType "swiss"]
[EventRounds "9"]
[EventCountry "ESP"]
[Source "lmi"]
[SourceDate "2013.01.11"]

1. e4 e5 2. Bc4 Nf6 3. d4 exd4 4. Nf3 Nc6 5. e5 d5 6. Bb5 Ne4 7. Nxd4 Bc5 8.
Be3 Bxd4 9. Qxd4 O-O 10. Bxc6 bxc6 11. Nc3 Ng5 12. Qa4 Bd7 13. f4 c5 14. Qa3 d4
15. fxg5 dxe3 16. Ne4 Bf5 17. Qxe3 Qd5 18. Nd2 Rae8 19. Nf3 Bg4 20. O-O 1/2-1/2

[Event "38. Abierto Ciudad de Sevilla"]
[Site "Sevilla ESP"]
[Date "2013.01.16"]
[Round "6.4"]
[White "Mirzoev, Azer"]
[Black "Teran Alvarez, Ismael"]
[Result "1-0"]
[WhiteElo "2547"]
[BlackElo "2399"]
[PlyCount "74"]
[EventDate "2013.01.11"]
[EventType "swiss"]
[EventRounds "9"]
[EventCountry "ESP"]
[Source "lmi"]
[SourceDate "2013.01.11"]

1. d4 e6 2. Nf3 f5 3. c4 Nf6 4. Nc3 Bb4 5. Qb3 a5 6. e3 O-O 7. Be2 b6 8. O-O
Bb7 9. Nb5 c6 10. Nc3 d5 11. a3 Be7 12. Ng5 Bc8 13. Bd2 h6 14. Nh3 Bd6 15. Nf4
Re8 16. Rfd1 Ba6 17. g3 g5 18. Ng2 Kg7 19. Qa4 Ra7 20. f3 Rd7 21. cxd5 Bxe2 22.
Nxe2 cxd5 23. Nc3 e5 24. dxe5 Bxe5 25. Nb5 Na6 26. Qc2 Nc7 27. Nxc7 Rxc7 28.
Qxf5 Bxb2 29. Rab1 Bc3 30. h4 Re5 31. Qd3 Bxd2 32. Rxd2 g4 33. fxg4 Nxg4 34.
Qd4 Qc8 35. Rxb6 Rc1+ 36. Rd1 Rxd1+ 37. Qxd1 Nf6 1-0

[Event "38. Abierto Ciudad de Sevilla"]
[Site "Sevilla ESP"]
[Date "2013.01.16"]
[Round "6.6"]
[White "Campora, Daniel H"]
[Black "Barrero Garcia, Carlos"]
[Result "1/2-1/2"]
[WhiteElo "2490"]
[BlackElo "2350"]
[PlyCount "87"]
[EventDate "2013.01.11"]
[EventType "swiss"]
[EventRounds "9"]
[EventCountry "ESP"]
[Source "lmi"]
[SourceDate "2013.01.11"]

1. Nf3 Nf6 2. g3 g6 3. Bg2 Bg7 4. O-O d5 5. c4 O-O 6. cxd5 Nxd5 7. Nc3 Nb6 8.
d3 Nc6 9. Be3 h6 10. Qc1 Kh7 11. Rb1 e5 12. Nd2 Nd4 13. Qd1 a5 14. b3 c6 15.
Nc4 Nd5 16. Bd2 Bg4 17. f3 Be6 18. Kh1 f5 19. e3 Nb5 20. Na4 Nb4 21. Nc5 Bc8
22. Qe1 b6 23. Na4 Nxd3 24. Qe2 Be6 25. Ncxb6 Ra6 26. Rbd1 e4 27. fxe4 fxe4 28.
Bxe4 Ne5 29. Rxf8 Qxf8 30. Rf1 Qd8 31. Nc4 Nxc4 32. bxc4 Nd6 33. Bd3 Ra7 34.
Nc5 Bf7 35. Qg4 Qe8 36. h4 Kg8 37. Qf3 Bxc4 38. Bxc4+ Nxc4 39. Bc1 Rf7 40.
Qxf7+ Qxf7 41. Rxf7 Kxf7 42. Kg2 h5 43. e4 Bd4 44. Nd3 1/2-1/2